[Event "XXXIII Annual Eastern Open"]
[Site "Washington DC USA"]
[Date "2006.12.30"]
[Round "7"]
[White "Zimmer, R."]
[Black "Francisco, R."]
[Result "1-0"]
[WhiteElo "2236"]
[BlackElo "2228"]
[PlyCount "67"]
[EventDate "2006.12.27"]
[Source "www.chesslib.no"]
[SourceDate "2004.05.04"]

1. d4 f5 2. e4 fxe4 3. Nc3 Nf6 4. Bg5 c6 5. Qd2 d5 6. f3 exf3 7. Nxf3 Bf5 8. Bd3 e6 9. O-O Nbd7 10. Nh4 Bxd3 11. Qxd3 Qb6 12. Rae1 e5 13. Na4 Qb4 14. b3 e4 15. c3 Qa3 16. Qc2 b5 17. Nf5 bxa4 18. b4 g6 19. Ng3 Bd6 20. Bc1 Qxc1 21. Rxc1 Ke7 22. Qxa4 Rhe8 23. Qc2 h5 24. Qd2 h4 25. Ne2 Rh8 26. a4 Rag8 27. b5 c5 28. c4 cxd4 29. Nxd4 Rh5 30. Nc6+ Ke6 31. cxd5+ Rxd5 32. Qe2 Nc5 33. Rxf6+ Kxf6 34. Qc4 1-0

[Event "Chigorin Mem Open, St Petersburg RUS"]
[Site "?"]
[Date "2001.??.??"]
[Round "2"]
[White "Ignatiev, Alexa"]
[Black "Kovanova, B."]
[Result "1-0"]
[WhiteElo "2310"]
[BlackElo "2145"]
[PlyCount "25"]
[EventDate "2001.??.??"]
[Source "www.chesslib.no"]
[SourceDate "2004.05.04"]

1. d4 f5 2. e4 fxe4 3. Nc3 Nf6 4. Bg5 c6 5. f3 d5 6. fxe4 dxe4 7. Nge2 Qa5 8. Qd2 Bf5 9. Ng3 Bg6 10. Bc4 Nbd7 11. Be6 Rd8 12. O-O c5 13. Nd5 1-0

[Event "Catalunya-ch"]
[Site "Barcelona"]
[Date "2000.??.??"]
[Round "2"]
[White "Burgos Garbin, Francesco"]
[Black "Pomes Marcet, Juan"]
[Result "0-1"]
[WhiteElo "2070"]
[BlackElo "2383"]
[PlyCount "44"]
[EventDate "2000.??.??"]
[Source "www.chesslib.no"]
[SourceDate "2004.05.04"]

1. d4 f5 2. e4 fxe4 3. Nc3 Nf6 4. Bg5 c6 5. Qd2 d5 6. f3 Bf5 7. Qf4 e6 8. fxe4 dxe4 9. Bxf6 gxf6 10. Nge2 Qd6 11. Qh4 Nd7 12. O-O-O e3 13. Ng3 Bg6 14. Nh5 O-O-O 15. Nf4 Bf5 16. Bc4 Nb6 17. Bb3 Nd5 18. Rhf1 Nxf4 19. Rxf4 h5 20. Ne2 Bh6 21. Rff1 Bg4 22. Bc4 Bg5 0-1

[Event "BL 0001 (Women)"]
[Site "Germany"]
[Date "2001.??.??"]
[Round "8.3"]
[White "Eckhardt, Claudia"]
[Black "Bosboom Lanchava, Tea"]
[Result "1/2-1/2"]
[WhiteElo "2169"]
[BlackElo "2272"]
[PlyCount "76"]
[EventDate "2000.10.??"]
[Source "ChessBase"]
[SourceDate "2001.07.03"]

1. d4 f5 2. e4 fxe4 3. Nc3 Nf6 4. Bg5 c6 5. f3 Qa5 6. Qd2 b5 7. Nxe4 Qxd2+ 8. Bxd2 d6 9. Bd3 g6 10. Nxf6+ exf6 11. d5 a6 12. a4 bxa4 13. dxc6 Nxc6 14. Rxa4 Ne5 15. Be4 Rb8 16. Bc3 Nd7 17. Bc6 Be7 18. Ne2 Rb6 19. Nd4 O-O 20. Bd5+ Kh8 21. Kd2 Nc5 22. Ra2 Bd7 23. Re1 Bd8 24. b4 Na4 25. Rxa4 Bxa4 26. Ne6 Be7 27. Nxf8 Bxf8 28. Bxf6+ Bg7 29. Bxg7+ Kxg7 30. Re7+ Kf6 31. Re6+ Kf5 32. c3 a5 33. bxa5 Rb2+ 34. Ke3 Rxg2 35. a6 Bb5 36. a7 Re2+ 37. Kd4 Rd2+ 38. Ke3 Re2+ 1/2-1/2

[Event "Calvia Aficionados Grupo B U2300"]
[Site "?"]
[Date "2004.10.26"]
[Round "6"]
[White "Bojanic Vaso"]
[Black "Elissalt Cardenas Hector"]
[Result "0-1"]
[WhiteElo "2190"]
[BlackElo "2244"]
[PlyCount "70"]
[EventDate "2004.??.??"]
[Source "www.chesslib.no"]
[SourceDate "2004.05.04"]

1. d4 f5 2. e4 fxe4 3. Nc3 Nf6 4. Bg5 c6 5. f3 Qa5 6. Bxf6 exf6 7. fxe4 Bb4 8. Qd2 O-O 9. Bd3 c5 10. d5 Bxc3 11. bxc3 d6 12. Nf3 Nd7 13. O-O Re8 14. Rab1 Ne5 15. Nh4 a6 16. Be2 b5 17. h3 Qa4 18. Rbe1 a5 19. a3 Rb8 20. Qc1 Re7 21. Bd3 b4 22. axb4 axb4 23. cxb4 cxb4 24. Qb2 Qa7+ 25. Kh2 Rc7 26. Be2 Qa3 27. Rb1 Qe3 28. Bf3 Qf4+ 29. g3 Qd2+ 30. Bg2 g5 31. Rfd1 Qf2 32. Nf5 Bxf5 33. exf5 Qxf5 34. Rbc1 Ra7 35. Rf1 Qg6 0-1

[Event "HUN-chT2"]
[Site "?"]
[Date "1993.??.??"]
[Round "?"]
[White "Barta, Sandor"]
[Black "Galyas, Miklos"]
[Result "1-0"]
[WhiteElo "2225"]
[BlackElo "2205"]
[PlyCount "157"]
[EventDate "1993.??.??"]
[Source "www.chesslib.no"]
[SourceDate "2004.05.04"]

1. d4 f5 2. e4 fxe4 3. Nc3 Nf6 4. Bg5 c6 5. Bxf6 exf6 6. Nxe4 d5 7. Ng3 Bd6 8. Qe2+ Kf7 9. O-O-O f5 10. Qf3 Qf6 11. Nh3 g6 12. Qb3 b5 13. Bxb5 Be6 14. Ba4 Nd7 15. f4 h6 16. Bxc6 Rab8 17. Qa4 Rhd8 18. Ne2 Kg8 19. Nc3 Nb6 20. Qa6 Rdc8 21. Ba4 Nxa4 22. Qxd6 Nxc3 23. bxc3 Rb6 24. Qa3 Bf7 25. Rhe1 Ra6 26. Qb2 Rb6 27. Qa1 Rc4 28. Re3 Qc6 29. Kd2 Ra4 30. Rb1 Rba6 31. Rb8+ Kg7 32. Qb1 Rxa2 33. Qb4 Qd6 34. Qxd6 Rxd6 35. Re7 Rb6 36. Rxa7 Rxc2+ 37. Kxc2 Rxb8 38. Nf2 Kf6 39. Nd3 g5 40. Ne5 Be8 41. g3 gxf4 42. gxf4 h5 43. h4 Ke6 44. Ra6+ Ke7 45. Nd3 Bf7 46. Ra7+ Kf6 47. Ne5 Be8 48. Nd7+ Bxd7 49. Rxd7 Rb5 50. Rd6+ Kg7 51. Re6 Ra5 52. Re5 Kf6 53. Kb2 Kg6 54. Re6+ Kg7 55. Rc6 Rb5+ 56. Kc2 Ra5 57. Kb3 Rb5+ 58. Ka4 Rb2 59. Rc5 Rf2 60. Rxd5 Rxf4 61. Kb5 Kf6 62. c4 Rxh4 63. c5 f4 64. Rd6+ Ke7 65. d5 f3 66. Re6+ Kf7 67. Re1 f2 68. Rf1 Rf4 69. Kc6 Ke8 70. d6 Rf5 71. d7+ Kd8 72. Kd6 Rf6+ 73. Ke5 Rc6 74. Rxf2 Kxd7 75. Kd5 Rg6 76. Rf7+ Kd8 77. Rh7 Rg5+ 78. Kc6 Rf5 79. Kb6 1-0

[Event "It (open)"]
[Site "Senta (Serbia)"]
[Date "2007.07.22"]
[Round "3"]
[White "Mikanovic Sandro (BIH)"]
[Black "Mrsevic Miroslav (SCG)"]
[Result "0-1"]
[WhiteElo "2138"]
[BlackElo "2286"]
[PlyCount "112"]
[EventDate "2007.??.??"]
[Source "www.chesslib.no"]
[SourceDate "2004.05.04"]

1. d4 f5 2. e4 fxe4 3. Nc3 Nf6 4. Bg5 c6 5. Bxf6 exf6 6. Nxe4 Qb6 7. Qh5+ g6 8. Nxf6+ Kd8 9. Qh4 Qb4+ 10. c3 Qe7+ 11. Be2 Bg7 12. O-O-O Bxf6 13. Qg3 Bh4 14. Qd3 Bxf2 15. Nf3 d6 16. Nd2 Be3 17. Rhf1 Bf5 18. Qc4 d5 19. Qb3 Nd7 20. Qxb7 Rb8 21. Qxc6 Qe4 22. Rxf5 gxf5 23. Bf3 Qd3 24. Bxd5 Qb5 25. Qxb5 Rxb5 26. Bc4 Rb6 27. Kc2 Bxd2 28. Rxd2 f4 29. b4 Rf8 30. Bd5 Rh6 31. h3 Nb6 32. Bf3 Nc4 33. Rf2 Re6 34. Kd3 Nd6 35. a4 Re3+ 36. Kc2 Ke7 37. Kb2 Rc8 38. Rc2 Kf6 39. Bd5 Kg5 40. c4 Rb8 41. b5 Rd3 42. c5 Rxd4 43. Be6 Ne8 44. Kb3 Nc7 45. Bc4 Re4 46. Rd2 Re5 47. Rd7 Rxc5 48. Rxh7 a5 49. Rg7+ Kf5 50. Rf7+ Ke5 51. Re7+ Kd4 52. Rd7+ Nd5 53. Be2 Re8 54. Bf3 Re3+ 55. Kb2 Ke5 56. h4 Nc3 0-1

[Event "Bratislava (Slovakia)"]
[Site "?"]
[Date "2003.??.??"]
[Round "?"]
[White "Pacher Milan"]
[Black "Ruckschloss Karol"]
[Result "1/2-1/2"]
[WhiteElo "2063"]
[BlackElo "2331"]
[PlyCount "50"]
[EventDate "2003.??.??"]
[Source "www.chesslib.no"]
[SourceDate "2004.05.04"]

1. d4 f5 2. e4 fxe4 3. Nc3 Nf6 4. Bg5 c6 5. Bxf6 exf6 6. Nxe4 Qb6 7. b3 d5 8. Nd2 Qxd4 9. Ngf3 Qc3 10. Bd3 Bg4 11. O-O Nd7 12. Re1+ Kd8 13. h3 Bh5 14. Bf5 Bc5 15. g4 Bg6 16. Ne4 Qa5 17. Bxd7 Bxe4 18. Rxe4 Kxd7 19. c4 Rhe8 20. Rxe8 Kxe8 21. cxd5 cxd5 22. Qd3 g6 23. g5 fxg5 24. Nxg5 Be7 25. Qd4 Kd7 1/2-1/2

[Event "HUN-chT2 9495"]
[Site "HUN"]
[Date "1995.??.??"]
[Round "?"]
[White "Toth, Janos"]
[Black "Petro, Janos"]
[Result "1-0"]
[WhiteElo "2245"]
[BlackElo "2120"]
[PlyCount "101"]
[EventDate "1994.??.??"]
[Source "www.chesslib.no"]
[SourceDate "2004.05.04"]

1. d4 f5 2. e4 fxe4 3. Nc3 Nf6 4. Bg5 c6 5. Bxf6 exf6 6. Nxe4 Qb6 7. Rb1 d5 8. Nc3 Bb4 9. Bd3 O-O 10. h3 f5 11. a3 Bd6 12. Nf3 Nd7 13. O-O Nf6 14. Na4 Qc7 15. c4 Ne4 16. Qb3 Be6 17. Nc3 Qf7 18. cxd5 cxd5 19. Qd1 Rac8 20. Bxe4 fxe4 21. Ne5 Qf4 22. Ne2 Qg5 23. Qb3 Bxe5 24. dxe5 Rf3 25. Qxb7 Rxh3 26. Nf4 Qxf4 27. gxh3 Qxe5 28. Qb3 Rb8 29. Qg3 Qxg3+ 30. fxg3 Bxh3 31. Rfd1 Rb3 32. Rxd5 Rxg3+ 33. Kh2 Rb3 34. Re5 g6 35. Rc5 Bf5 36. Rc3 Rb7 37. b4 Kf7 38. Rbc1 Kf6 39. Rc7 Rb5 40. Rxh7 a5 41. Rc5 Rb6 42. b5 Kg5 43. Kg3 Re6 44. Rh1 Rd6 45. Rc3 Rd2 46. Rh2 Rd1 47. Rb2 Rh1 48. Kg2 Rh8 49. b6 Bg4 50. b7 Rb8 51. Kg3 1-0

[Event "04sen.ESMM Europa"]
[Site "?"]
[Date "2002.02.25"]
[Round "1.2"]
[White "Farrand Julian T"]
[Black "Opl Klaus"]
[Result "0-1"]
[WhiteElo "2096"]
[BlackElo "2263"]
[PlyCount "104"]
[EventDate "2002.??.??"]
[Source "www.chesslib.no"]
[SourceDate "2004.05.04"]

1. d4 f5 2. e4 fxe4 3. Nc3 Nf6 4. Bg5 c6 5. Bxf6 exf6 6. Nxe4 d5 7. Ng3 Bd6 8. Bd3 O-O 9. Qh5 g6 10. Qh6 Qc7 11. N1e2 Be6 12. O-O-O c5 13. dxc5 Bxc5 14. Nf4 Qf7 15. Rhe1 Bd7 16. Rd2 Nc6 17. Nxd5 Ne5 18. Rxe5 fxe5 19. Bc4 Be6 20. Ne4 Be7 21. Ng5 Bxg5 22. Qxg5 Rae8 23. Qxe5 Bxd5 24. Qxd5 Qxd5 25. Bxd5+ Kg7 26. b3 b6 27. f3 Re1+ 28. Kb2 Rd8 29. c4 g5 30. Kc2 Kf6 31. Kc3 h5 32. h3 h4 33. Kd3 Ke5 34. Kc3 Kf4 35. Rd4+ Ke5 36. Rg4 Kf5 37. f4 Re3+ 38. Kd4 Re4+ 39. Kd3 Rxf4 40. Rxf4+ Kxf4 41. Kd4 Re8 42. b4 Re2 43. a4 Rd2+ 44. Kc3 Ke3 45. Bf3 Rd3+ 46. Kb2 Kd4 47. Bd5 a5 48. bxa5 bxa5 49. Kc2 Ra3 50. Kb2 Rxa4 51. Kb3 Rb4+ 52. Ka3 Rxc4 0-1

[Event "8. Itau Cup"]
[Site "?"]
[Date "2004.09.27"]
[Round "4"]
[White "Jukemura Rodrigo"]
[Black "Alonso Moyano Jonathan"]
[Result "1/2-1/2"]
[WhiteElo "2081"]
[BlackElo "2269"]
[PlyCount "101"]
[EventDate "2004.??.??"]
[Source "www.chesslib.no"]
[SourceDate "2004.05.04"]

1. d4 f5 2. e4 fxe4 3. Nc3 Nf6 4. Bg5 c6 5. Bxf6 exf6 6. Nxe4 d5 7. Ng3 Qe7+ 8. Qe2 h5 9. Qxe7+ Bxe7 10. Bd3 Kf7 11. O-O-O g6 12. h4 Nd7 13. N1e2 Bd6 14. c4 f5 15. c5 Bc7 16. Nf1 b6 17. b4 a5 18. cxb6 Nxb6 19. b5 cxb5 20. Bxb5 Ba6 21. Bxa6 Rxa6 22. Rh3 Bd6 23. Rd2 Nc4 24. Rc2 Rb8 25. Rb3 Rab6 26. Rxb6 Rxb6 27. Nd2 Ba3+ 28. Kd1 Nb2+ 29. Ke1 Nd3+ 30. Kf1 Bd6 31. g3 Ke6 32. Nf3 Kd7 33. Rd2 Rb1+ 34. Kg2 Nb4 35. Nc3 Rc1 36. Nb5 Ra1 37. Nc3 Rc1 38. Nb5 Ra1 39. Nc3 Kc6 40. Ne5+ Bxe5 41. dxe5 Kc5 42. e6 Re1 43. a3 Nc6 44. Rxd5+ Kc4 45. Rd6 Kxc3 46. Rxc6+ Kb3 47. Rd6 Kc4 48. Kf3 Kc5 49. Ra6 Kb5 50. Rd6 Kc5 51. Ra6 1/2-1/2

[Event "HUN-chT2 0102"]
[Site "?"]
[Date "2002.03.03"]
[Round "8"]
[White "Rozsa Peter"]
[Black "Nikoletti Andras"]
[Result "1/2-1/2"]
[WhiteElo "2206"]
[BlackElo "2131"]
[PlyCount "48"]
[EventDate "2002.??.??"]
[Source "www.chesslib.no"]
[SourceDate "2004.05.04"]

1. d4 f5 2. e4 fxe4 3. Nc3 Nf6 4. Bg5 c6 5. Bxf6 exf6 6. Nxe4 d5 7. Nd2 Bd6 8. Bd3 O-O 9. Qf3 f5 10. O-O-O Na6 11. c3 Nc7 12. g3 Qf6 13. h4 b5 14. Ne2 Ne6 15. Kb1 b4 16. c4 Nxd4 17. Nxd4 Qxd4 18. cxd5 cxd5 19. Nb3 Qb6 20. Qxd5+ Kh8 21. Ba6 Bxa6 22. Qxd6 Qxd6 23. Rxd6 Bb7 24. Rhd1 Be4+ 1/2-1/2

[Event "Stockerau Open"]
[Site "Stockerau"]
[Date "1993.??.??"]
[Round "8"]
[White "Cech, Pavel"]
[Black "Dovramadjieva, Hristina"]
[Result "1-0"]
[WhiteElo "2315"]
[BlackElo "2020"]
[PlyCount "41"]
[EventDate "1993.??.??"]
[Source "www.chesslib.no"]
[SourceDate "2004.05.04"]

1. d4 f5 2. e4 fxe4 3. Nc3 Nf6 4. Bg5 c6 5. f3 exf3 6. Nxf3 Qb6 7. Qd2 Qxb2 8. Rb1 Qa3 9. Bd3 d6 10. O-O Qa5 11. Qe3 Ng4 12. Qe1 g6 13. h3 Nh6 14. d5 Nf7 15. Bf6 Rg8 16. Ng5 Nxg5 17. Bxg5 Qc7 18. Qf2 e5 19. Ne4 Rh8 20. Qf6 Rg8 21. Rxb7 1-0

[Event "HUN-ch U16"]
[Site "Paks"]
[Date "1994.??.??"]
[Round "?"]
[White "Csizmadia, Laszlo"]
[Black "Galyas, Miklos"]
[Result "1/2-1/2"]
[WhiteElo "2090"]
[BlackElo "2245"]
[PlyCount "81"]
[EventDate "1994.??.??"]
[Source "www.chesslib.no"]
[SourceDate "2004.05.04"]

1. d4 f5 2. e4 fxe4 3. Nc3 Nf6 4. Bg5 c6 5. f3 d5 6. fxe4 dxe4 7. Bc4 Nbd7 8. Nge2 Nb6 9. Bb3 Bg4 10. O-O Qd7 11. h3 Be6 12. Bxf6 exf6 13. Nxe4 Be7 14. c3 O-O-O 15. Nf4 Bxb3 16. axb3 Kb8 17. Nd3 Rhe8 18. Qh5 h6 19. Qa5 Nc8 20. Nec5 Bxc5 21. Nxc5 Qd5 22. Rf5 Qf7 23. b4 Rd5 24. Qa2 Re2 25. Rf2 Rxf2 26. Kxf2 Qg6 27. Qc4 Rg5 28. g4 h5 29. Nd7+ Kc7 30. Nf8 Qc2+ 31. Kg1 Rd5 32. Ne6+ Kb8 33. Nf4 Rg5 34. Nxh5 Qd2 35. Qe6 Qxb2 36. Qe1 f5 37. Rb1 Qc2 38. Rc1 Qd3 39. Qe5+ Ka8 40. Qf4 Rg6 41. Qc7 1/2-1/2

[Event "Oberliga Ost-B 0001"]
[Site "?"]
[Date "2001.04.01"]
[Round "9.8"]
[White "Bergmann Andy"]
[Black "Czech Ludwig"]
[Result "1/2-1/2"]
[WhiteElo "2158"]
[BlackElo "2141"]
[PlyCount "120"]
[EventDate "2001.??.??"]
[Source "www.chesslib.no"]
[SourceDate "2004.05.04"]

1. d4 f5 2. e4 fxe4 3. Nc3 Nf6 4. Bg5 c6 5. f3 Qa5 6. Qd2 e3 7. Bxe3 Nd5 8. Nxd5 Qxd2+ 9. Kxd2 cxd5 10. Bd3 b6 11. c3 Ba6 12. Bc2 Nc6 13. Nh3 g6 14. Ng5 Bh6 15. Nxh7 Bxe3+ 16. Kxe3 Rxh7 17. Bxg6+ Rf7 18. h4 Kf8 19. Bxf7 Kxf7 20. g4 e6 21. h5 Ne7 22. Rag1 Rh8 23. Rh2 Bc8 24. b3 Ba6 25. Rc1 Rc8 26. Kd2 Rg8 27. Re1 Bc8 28. Rh4 Ba6 29. f4 Nc8 30. h6 Nd6 31. Re3 Rh8 32. Rh5 Ne4+ 33. Kc2 Nf6 34. Rh4 Ne4 35. Kb2 Kg6 36. g5 Nd6 37. Rh1 Nf5 38. Re5 Bd3 39. Ree1 Be4 40. Rh2 Nd6 41. Rf2 Bf5 42. Rc1 Rc8 43. Rh2 Rh8 44. c4 dxc4 45. bxc4 Rb8 46. a4 Kh7 47. Kb3 Bg6 48. Kb4 Rf8 49. c5 bxc5+ 50. dxc5 Rxf4+ 51. Ka5 Nc4+ 52. Ka6 Ne5 53. a5 Rb4 54. Rd1 Be4 55. Rd6 Bb7+ 56. Kxa7 Nc6+ 57. Rxc6 Bxc6 58. g6+ Kh8 59. Rf2 Rb7+ 60. Ka6 Rb8 1/2-1/2

[Event "Budapest HUN"]
[Site "Budapest HUN"]
[Date "1996.??.??"]
[Round "8"]
[White "Biro, David"]
[Black "Kun, Gabor"]
[Result "1/2-1/2"]
[WhiteElo "2025"]
[BlackElo "2255"]
[PlyCount "70"]
[EventDate "1996.??.??"]
[Source "www.chesslib.no"]
[SourceDate "2004.05.04"]

1. d4 f5 2. e4 fxe4 3. Nc3 Nf6 4. Bg5 c6 5. f3 d5 6. fxe4 dxe4 7. Bc4 Bf5 8. Nge2 e6 9. O-O Bd6 10. Nf4 Qe7 11. h3 Nbd7 12. g4 Bxf4 13. Rxf4 Bg6 14. Nxe4 O-O-O 15. Qe2 e5 16. Nxf6 gxf6 17. Bh4 Rde8 18. dxe5 Qc5+ 19. Bf2 Qxe5 20. Qxe5 fxe5 21. Rf3 e4 22. Ra3 a6 23. Rd1 Ne5 24. Be2 Rd8 25. Rd4 Rhf8 26. Rxd8+ Rxd8 27. Bg3 Bf7 28. Ra4 Bd5 29. Rd4 Rf8 30. c4 Nf3+ 31. Bxf3 Rxf3 32. Bf2 e3 33. Bxe3 Rxe3 34. cxd5 Rxh3 35. dxc6 bxc6 1/2-1/2

[Event "Assisi (open)"]
[Site "?"]
[Date "2003.12.20"]
[Round "1"]
[White "Baghirov Anar"]
[Black "Rombaldoni Andrea"]
[Result "0-1"]
[WhiteElo "2000"]
[BlackElo "2275"]
[PlyCount "60"]
[EventDate "2003.??.??"]
[Source "www.chesslib.no"]
[SourceDate "2004.05.04"]

1. d4 f5 2. e4 fxe4 3. Nc3 Nf6 4. Bg5 c6 5. Bxf6 exf6 6. Nxe4 d5 7. Ng3 Qe7+ 8. Qe2 a5 9. Nf3 a4 10. O-O-O Qxe2 11. Bxe2 a3 12. b3 Kf7 13. c3 g6 14. Rhe1 Bd6 15. Bd3 Nd7 16. Re2 Nf8 17. Rde1 Ne6 18. Rg1 Nf4 19. Re3 Bg4 20. Bc2 Rhe8 21. h3 Bd7 22. Kd1 b6 23. Ne2 Ne6 24. g4 Re7 25. h4 Rae8 26. g5 fxg5 27. Nxg5+ Nxg5 28. Rxe7+ Rxe7 29. hxg5 Kg7 30. f4 Re3 0-1

[Event "otb"]
[Site "otb"]
[Date "2007.04.06"]
[Round "3"]
[White "Zavadil Michal"]
[Black "Macicek Jakub"]
[Result "0-1"]
[WhiteElo "2138"]
[BlackElo "2056"]
[PlyCount "80"]
[Source "www.chesslib.no"]
[SourceDate "2004.05.04"]

1. d4 f5 2. e4 fxe4 3. Nc3 Nf6 4. Bg5 c6 5. f3 exf3 6. Nxf3 e6 7. Bd3 Be7 8. Qe2 O-O 9. O-O c5 10. Ne4 Nxe4 11. Qxe4 g6 12. Bxe7 Qxe7 13. Ne5 Rf5 14. Ng4 Qg5 15. d5 h5 16. dxe6 dxe6 17. Nf2 Nc6 18. Nh3 Qh6 19. Rae1 Bd7 20. Nf4 Re8 21. Qc4 Ne5 22. Rxe5 Rxe5 23. Bxg6 Rf8 24. Bd3 b5 25. Qc3 Qg5 26. h4 b4 27. Qd2 Qxh4 28. Bh7+ Kxh7 29. Qxd7+ Kg8 30. Qd6 Rff5 31. Qd8+ Kh7 32. Qc7+ Kh6 33. Qd6 Qf6 34. Qd2 Qg5 35. Rf3 h4 36. Qf2 Re4 37. Nd3 Rxf3 38. Qxf3 Qe3+ 39. Kf1 Qxf3+ 40. gxf3 Rc4 0-1

[Event "ESP-chT Cadets"]
[Site "Segovia"]
[Date "1999.??.??"]
[Round "?"]
[White "Andres, Ivan"]
[Black "Martinez Martin, Inigo"]
[Result "1-0"]
[WhiteElo "2170"]
[BlackElo "1940"]
[PlyCount "61"]
[EventDate "1999.06.19"]
[Source "www.chesslib.no"]
[SourceDate "2004.05.04"]

1. d4 f5 2. e4 fxe4 3. Nc3 Nf6 4. Bg5 c6 5. Bxf6 exf6 6. Nxe4 d5 7. Ng3 Bd6 8. Bd3 Qe7+ 9. N1e2 O-O 10. Qd2 a5 11. O-O Qc7 12. c4 dxc4 13. Bxc4+ Kh8 14. Nc3 Nd7 15. Qd3 b5 16. Bb3 Ba6 17. Nce4 Bf4 18. Rfe1 f5 19. Nc5 Nxc5 20. dxc5 Rad8 21. Qf3 b4 22. Re6 Bb5 23. Rae1 a4 24. Re7 Qb8 25. Bc2 Bg5 26. Bxf5 Bxe7 27. Rxe7 g6 28. Rxh7+ Kg8 29. Qg4 Rd1+ 30. Qxd1 gxf5 31. Qh5 1-0

[Event "Metz FRA"]
[Site "?"]
[Date "2006.04.27"]
[Round "6"]
[White "De Lagontrie Jean"]
[Black "Sar Frederic"]
[Result "1/2-1/2"]
[WhiteElo "1979"]
[BlackElo "2114"]
[PlyCount "26"]
[EventDate "2006.??.??"]
[Source "www.chesslib.no"]
[SourceDate "2004.05.04"]

1. d4 f5 2. e4 fxe4 3. Nc3 Nf6 4. Bg5 c6 5. f3 d5 6. fxe4 dxe4 7. Bxf6 exf6 8. Nxe4 Be6 9. Nf3 Be7 10. Bd3 O-O 11. O-O Nd7 12. c4 f5 13. Nc3 Nb6 1/2-1/2

[Event "GER Ch Lands U20"]
[Site "?"]
[Date "2003.10.19"]
[Round "1.2"]
[White "Buchheister Benjamin"]
[Black "Bravo Lutz Sebastian"]
[Result "1/2-1/2"]
[WhiteElo "1881"]
[BlackElo "2186"]
[PlyCount "135"]
[EventDate "2003.??.??"]
[Source "www.chesslib.no"]
[SourceDate "2004.05.04"]

1. d4 f5 2. e4 fxe4 3. Nc3 Nf6 4. Bg5 c6 5. Bxf6 exf6 6. Nxe4 d5 7. Ng3 Na6 8. Bd3 Qe7+ 9. Kf1 Be6 10. c3 Nc7 11. Qa4 Qd7 12. N1e2 Bd6 13. f3 O-O 14. Qc2 f5 15. Nh5 Kh8 16. Nhf4 Bg8 17. h4 g6 18. Qd2 Qe7 19. Re1 Rae8 20. Kf2 Qf6 21. g3 Re7 22. Nh3 Rg7 23. Qh6 Ne8 24. Nhf4 Bf7 25. Nh3 Bg8 26. Ng5 Be7 27. Nf4 Nd6 28. Nfe6 Ne4+ 29. Bxe4 Bxe6 30. Bc2 Bg8 31. Re2 c5 32. Rhe1 Rc8 33. Bb3 cxd4 34. Ne6 Rf7 35. Bxd5 d3 36. Rd2 Bf8 37. Nxf8 Rfxf8 38. Bxg8 Kxg8 39. Qe3 Qa6 40. Qe6+ Qxe6 41. Rxe6 f4 42. Rxd3 fxg3+ 43. Kxg3 Rc7 44. Red6 Rff7 45. R3d4 Rce7 46. Rd3 Re2 47. Rd2 Re3 48. Rf2 Kf8 49. Rd4 Re1 50. Rd8+ Ke7 51. Rfd2 Kf6 52. R2d6+ Kf5 53. Rd5+ Kf6 54. R8d6+ Kg7 55. Rd7 Rfe7 56. Rxe7+ Rxe7 57. Kf2 Kf6 58. Rd4 Kf5 59. Rd5+ Ke6 60. Rd4 Rg7 61. a4 h5 62. b4 Rc7 63. c4 a5 64. b5 Rc5 65. f4 Rc7 66. Kf3 Rc5 67. Ke4 Rc7 68. Kf3 1/2-1/2

[Event "Goch op 11th"]
[Site "?"]
[Date "2000.10.15"]
[Round "6"]
[White "Berens Thomas"]
[Black "Schaefer Heiko"]
[Result "1/2-1/2"]
[WhiteElo "1851"]
[BlackElo "2126"]
[PlyCount "81"]
[EventDate "2000.??.??"]
[Source "www.chesslib.no"]
[SourceDate "2004.05.04"]

1. d4 f5 2. e4 fxe4 3. Nc3 Nf6 4. Bg5 c6 5. Bxf6 exf6 6. Nxe4 d5 7. Ng3 Bd6 8. Bd3 O-O 9. c3 Nd7 10. Qc2 Re8+ 11. N1e2 Nf8 12. O-O-O c5 13. dxc5 Bxc5 14. Bc4 Kh8 15. Bxd5 Qa5 16. Nd4 Rd8 17. Bb3 Bg4 18. f3 Bxd4 19. fxg4 Be5 20. Qf5 b6 21. Qf3 Ng6 22. Rxd8+ Rxd8 23. Rd1 Bf4+ 24. Kb1 b5 25. Rxd8+ Qxd8 26. h4 Bb8 27. Nf5 Ne5 28. Qe2 a6 29. Nd4 Ba7 30. Ne6 Qb6 31. Qd1 g6 32. h5 Qg1 33. hxg6 hxg6 34. Qxg1 Bxg1 35. Bd1 Bb6 36. Kc2 Kg8 37. Be2 Kf7 38. Nd4 Ke7 39. Kd2 Kd6 40. Ke3 Kd5 41. b3 1/2-1/2

[Event "Doprastav op"]
[Site "Bratislava"]
[Date "1998.??.??"]
[Round "5"]
[White "Jambrich, Jaromir"]
[Black "Krajnak, Juraj"]
[Result "0-1"]
[WhiteElo "1770"]
[BlackElo "2200"]
[PlyCount "84"]
[EventDate "1998.??.??"]
[Source "www.chesslib.no"]
[SourceDate "2004.05.04"]

1. d4 f5 2. e4 fxe4 3. Nc3 Nf6 4. Bg5 c6 5. Bxf6 exf6 6. Nxe4 d5 7. Ng3 Bd6 8. Bd3 O-O 9. Qh5 g6 10. Qh6 Qc7 11. N1e2 b6 12. O-O-O c5 13. dxc5 bxc5 14. Bxg6 hxg6 15. Qxg6+ Qg7 16. Qxg7+ Kxg7 17. Rxd5 Be7 18. Nf5+ Bxf5 19. Rxf5 Nc6 20. Nf4 Nd4 21. Rd5 Rfd8 22. Rxd8 Rxd8 23. Re1 Kf7 24. c3 Bd6 25. Nh3 Ne6 26. g3 Rh8 27. Rd1 Bc7 28. Nf4 Bxf4+ 29. gxf4 Nxf4 30. Rd7+ Ke6 31. Rxa7 Rxh2 32. Ra6+ Ke5 33. Rc6 Rxf2 34. Rxc5+ Ke4 35. Rc4+ Ke3 36. Rc7 Nd3+ 37. Kb1 Rxb2+ 38. Ka1 Rb5 39. c4 Ra5 40. Re7+ Kd2 41. Rd7 Kc2 42. Rd5 Nc5 0-1

[Event "Regionalliga NW 9596"]
[Site "Bayern"]
[Date "1996.??.??"]
[Round "?"]
[White "Artamonov, Sergej"]
[Black "Jovanovic, Sascha"]
[Result "0-1"]
[WhiteElo "1980"]
[BlackElo "1805"]
[PlyCount "75"]
[EventDate "1995.10.??"]
[Source "www.chesslib.no"]
[SourceDate "2004.05.04"]

1. d4 f5 2. e4 fxe4 3. Nc3 Nf6 4. Bg5 c6 5. f3 exf3 6. Nxf3 d6 7. Bd3 Bg4 8. O-O Nbd7 9. Qd2 Bxf3 10. Rxf3 Qb6 11. Kh1 O-O-O 12. Bf5 Kb8 13. Na4 Qc7 14. Be6 Ne4 15. Qe3 Nxg5 16. Qxg5 h6 17. Qg6 Nf6 18. c4 Qa5 19. Qc2 g5 20. b4 Qc7 21. Rb1 g4 22. Rfb3 b6 23. Nc3 h5 24. d5 Kb7 25. Qd3 h4 26. dxc6+ Qxc6 27. Nd5 h3 28. Rg1 g3 29. hxg3 hxg2+ 30. Kxg2 Kb8 31. Rh1 Bg7 32. Rxh8 Rxh8 33. Rb1 Nxd5 34. Bxd5 Qd7 35. Rh1 Rxh1 36. Kxh1 Qh3+ 37. Kg1 Be5 38. Qg6 0-1

[Event "Mörlenbach (02.04.-10.04)"]
[Site "?"]
[Date "2004.04.02"]
[Round "1"]
[White "Scholz Gerd"]
[Black "Czech Ludwig"]
[Result "1/2-1/2"]
[WhiteElo "1734"]
[BlackElo "2016"]
[PlyCount "49"]
[EventDate "2004.??.??"]
[Source "www.chesslib.no"]
[SourceDate "2004.05.04"]

1. d4 f5 2. e4 fxe4 3. Nc3 Nf6 4. Bg5 c6 5. Bxf6 exf6 6. Nxe4 Qb6 7. Rb1 d5 8. Ng3 Bd6 9. Nf3 O-O 10. Be2 Qc7 11. O-O b5 12. Nh4 f5 13. Bd3 g6 14. Qd2 f4 15. Nh1 g5 16. Nf3 g4 17. Ne5 Bxe5 18. dxe5 Qxe5 19. Rfe1 Qd6 20. g3 Nd7 21. gxf4 Qxf4 22. Qxf4 Rxf4 23. Re8+ Nf8 24. Ng3 Bb7 25. Rbe1 1/2-1/2

[Event "Dreifluesse op 8th"]
[Site "Passau"]
[Date "2000.04.22"]
[Round "4"]
[White "Breitenstein, Bert"]
[Black "Buecherl, Konstantin"]
[Result "0-1"]
[WhiteElo "1950"]
[BlackElo "1721"]
[PlyCount "68"]
[EventDate "2000.04.21"]
[Source "ChessBase"]
[SourceDate "2000.07.11"]

1. d4 f5 2. e4 fxe4 3. Nc3 Nf6 4. Bg5 c6 5. Qd2 d5 6. f3 Bf5 7. Bxf6 exf6 8. fxe4 Bxe4 9. Nxe4 dxe4 10. Bc4 Bd6 11. Ne2 Nd7 12. O-O Nb6 13. Bb3 c5 14. Be6 cxd4 15. Qxd4 Qc7 16. Qxe4 Bxh2+ 17. Kh1 Qe5 18. Qg4 Rd8 19. Rae1 Kf8 20. Nf4 Bxf4 21. Rxe5 Bxe5 22. Qh5 Ke7 23. Qf7+ Kd6 24. Bb3 Kc6 25. a4 Rd7 26. Qe6+ Rd6 27. Qh3 f5 28. Qf3+ Kc7 29. g4 Rhd8 30. a5 Nc8 31. Qxf5 Rh6+ 32. Kg2 Rd2+ 33. Rf2 Rxf2+ 34. Kxf2 Rf6 0-1